00752 2200229 4500001002100000008004100021035002000062245014500082100002000227700001800247260004400265300002700309020002200336084001400358520003500372520002600407082000800433650001900441863003800460990001200498990001200510INLIS000000000015794 ind  a0010-0323000242 aAn Illustrated BiographybMark Mobius = Investor Pasar-Pasar BerkembangcKaoru Kurotani; alih bahasa, Riga D. Ponziani; editor, Yulian Masda aKUROTANI, Kaoru aYULIAN, Masda aJakarta :bElex Media Komputindo,c2019 a206 hal.: ilus.c21 cm a978-979-27-3218-4 a920 KUR i aJudul asli : Manga Mark Mobius aBibliografi : hal.206 a920 aBIOGRAFI-KOMIK aSeri Tokoh Dunia Bisnis Investasi a10468 a a10468 b